|
|
|
|
| LEADER |
01250nam a22003254a 4500 |
| 001 |
39203 |
| 003 |
BD-DhAAL |
| 008 |
220724t1999 ilu b 001 0 eng d |
| 999 |
|
|
|c 44094
|d 44094
|
| 010 |
|
|
|a 99012369
|
| 020 |
|
|
|a 0226504506 (pbk. : alk. paper)
|
| 020 |
|
|
|a 9780226504506
|
| 040 |
|
|
|a DLC
|c DLC
|d DLC
|d BD-DhAAL
|
| 042 |
|
|
|a pcc
|
| 050 |
0 |
0 |
|a GN345
|b .M37 1999
|
| 082 |
0 |
0 |
|a 306
|2 21
|
| 100 |
1 |
|
|a Marcus, George E.
|9 50141
|
| 245 |
1 |
0 |
|a Anthropology as cultural critique :
|b an experimental moment in the human sciences /
|c George E. Marcus and Michael M.J. Fischer.
|
| 250 |
|
|
|a Second edition
|
| 260 |
|
|
|a Chicago :
|b University of Chicago Press,
|c 1999.
|
| 300 |
|
|
|a xxxiv, 194 pages ;
|c 23 cm.
|
| 504 |
|
|
|a Includes bibliographical references (pages 179-189) and index.
|
| 526 |
|
|
|a ESS
|
| 541 |
|
|
|a Book Finder International
|e 39203
|
| 650 |
|
0 |
|a Ethnology.
|9 50142
|
| 650 |
|
0 |
|a Economics.
|9 50143
|
| 700 |
1 |
|
|a Fischer, Michael M. J.,
|d 1946-
|9 50144
|
| 852 |
|
|
|a Ayesha Abed Library
|c General Stacks
|
| 942 |
|
|
|2 ddc
|c BK
|
| 952 |
|
|
|0 0
|1 0
|2 ddc
|4 0
|6 306_000000000000000_MAR
|7 0
|9 71219
|a BRACUL
|b BRACUL
|c GEN
|d 2022-07-07
|e Book Finder International
|g 2099.86
|l 2
|m 4
|o 306 MAR
|p 3010039203
|r 2026-02-18
|s 2026-02-01
|t 1
|v 2099.86
|w 2022-07-07
|y BK
|